000
00267nam a2200109 a 4500
005
20141022142009.0
008
120229s19uu xx 00 eng d
050
_a
CD
_b
Iv3 2010
245
_a
Intentional interviewing and counseling.
260
_c
2010.
942
_c
AVM
999
_c
276675
_d
276675